Memprogram Android untuk pemula

Bibliographic Details
Other Authors: Khairul Amir
Format: Book
Published: Kuala Lumpur : SAM Synergy Media Sdn Bhc2013
Subjects:

MARC

LEADER 00000cam a2200000 7i4500
001 0000004195
005 20190521.0
020 0 0 |a 9839943219 
090 0 0 |a 005.25   |b MEM 
245 0 0 |a Memprogram Android untuk pemula   |c terjemahan Khairul Amir 
260 0 0 |a Kuala Lumpur :   |b SAM Synergy Media Sdn Bhc2013 
300 |a 104 ms :   |b .ill ;   |c 23 cm. 
650 0 0 |a Android 
650 0 0 |a Application software and development 
700 0 1 |a Khairul Amir 
998 |a JPSM 
999 |a 008089   |b Monograph   |c Open Shelf   |e Default branch